| 000 | 00659nam a2200265Ia 4500 | ||
|---|---|---|---|
| 008 | 171120s9999 xx 000 0 und d | ||
| 020 | _a971086498X | ||
| 050 | _a351 | ||
| 050 | _bL431 2004 | ||
| 100 | _aLazaro, Isagani L. | ||
| 245 | _aMga dakilang lider na Pilipino / | ||
| 245 | _cby Isagani L. Lazaro. | ||
| 250 | _aFifth edition | ||
| 260 | _aPhilippines : | ||
| 260 | _bNational Book Store, | ||
| 260 | _c2004 | ||
| 300 | _a228 pages : | ||
| 300 | _billustrations ; | ||
| 300 | _c22cm. | ||
| 650 | _aPresidents -- | ||
| 650 | _aPresidents -- | ||
| 650 | _xPhilippines -- Biography. | ||
| 650 | _xPhilippines. | ||
| 700 | _aTitle. | ||
| 999 |
_c345273 _d345273 |
||